Most streamed songs : Pantera - Statistics

General Stats
  • This quiz has been taken 73 times
  • The average score is 12 of 20
Answer Stats
Rank Number of streams Song From the Album/EP % Correct
2. 389 368 114 Cowboys from Hell Cowboys from Hell
100%
1. 513 190 863 Walk Vulgar Display of Power
100%
5. 129 337 302 Domination Cowboys from Hell
92%
4. 155 764 040 I'm Broken Far Beyond Driven
83%
9. 74 350 853 Floods The Great Southern Trendkill
81%
6. 101 119 729 5 Minutes Alone Far Beyond Driven
75%
3. 202 460 294 Cemetary Gates Cowboys from Hell
72%
12. 52 862 360 A New Level Vulgar Display of Power
64%
7. 98 707 981 This Love Vulgar Display of Power
62%
8. 84 765 341 Mouth for War Vulgar Display of Power
60%
11. 57 237 426 Hollow Vulgar Display of Power
57%
13. 45 021 366 10's The Great Southern Trendkill
55%
14. 43 130 829 Becoming Far Beyond Driven
51%
10. 63 073 843 Fucking Hostile Vulgar Display of Power
47%
17. 32 617 528 Primal Concrete Sledge Cowboys from Hell
47%
19. 26 060 499 Drag the Waters The Great Southern Trendkill
43%
16. 33 934 376 Planet Caravan Far Beyond Driven
43%
15. 40 397 515 Revolution Is My Name Reinventing the Still
43%
18. 26 273 737 Psycho Holiday Cowboys from Hell
40%
20. 19 361 090 Shedding Skin Far Beyond Driven
19%
No matching quizzes found
Score Distribution
Percent of People with Each Score
Percentile by Number Answered
Your Score History
You have not taken this quiz